Martin Luther King, Jr. and the March on Washington / (Record no. 5722)

MARC details
000 -LEADER
fixed length control field 01774cam a2200409 a 4500
001 - CONTROL NUMBER
control field 5722
003 - CONTROL NUMBER IDENTIFIER
control field FISKH
005 - DATE AND TIME OF LATEST TRANSACTION
control field 20250127122001.0
008 - FIXED-LENGTH DATA ELEMENTS--GENERAL INFORMATION
fixed length control field 000622s2001 nyua b 000 0deng
010 ## - LIBRARY OF CONGRESS CONTROL NUMBER
LC control number 00057304
020 ## - INTERNATIONAL STANDARD BOOK NUMBER
International Standard Book Number 044842424X (GB)
020 ## - INTERNATIONAL STANDARD BOOK NUMBER
International Standard Book Number 0448424215 (pbk.)
040 ## - CATALOGING SOURCE
Original cataloging agency DLC
Transcribing agency DLC
Modifying agency DLC
Language of cataloging eng
050 ## - LIBRARY OF CONGRESS CALL NUMBER
Classification number E185.K5
082 ## - DEWEY DECIMAL CLASSIFICATION NUMBER
Classification number 323.092
100 1# - MAIN ENTRY--PERSONAL NAME
Personal name Ruffin, Frances E.
245 10 - TITLE STATEMENT
Title Martin Luther King, Jr. and the March on Washington /
Statement of responsibility, etc. by Frances E. Ruffin ; illustrated by Stephen Marchesi.
260 ## - PUBLICATION, DISTRIBUTION, ETC.
Place of publication, distribution, etc. New York :
Name of publisher, distributor, etc. Scholastic,
Date of publication, distribution, etc. 2001.
300 ## - PHYSICAL DESCRIPTION
Extent 48 pages :
Other physical details color illustrations ;
Dimensions 23 cm
440 #0 - SERIES STATEMENT/ADDED ENTRY--TITLE
Title All aboard reading
505 ## - FORMATTED CONTENTS NOTE
Formatted contents note N<br/>
520 ## - SUMMARY, ETC.
Summary, etc. Tells about the events of August 28, 1963, when protesters gathered in Washington D.C. to draw attention to discrimination against African-Americans and to hear Civil Rights leader Dr. Martin Luther King, Jr. deliver his now famous "I Have a Dream" speech.
521 8# - TARGET AUDIENCE NOTE
Target audience note 550<br/>
Source Lexile<br/>
521 8# - TARGET AUDIENCE NOTE
Target audience note N<br/>
Source Raz-Plus<br/>
600 10 - SUBJECT ADDED ENTRY--PERSONAL NAME
Personal name King, Martin Luther,
Titles and other words associated with a name Jr.,
Dates associated with a name 1929-1968
Form subdivision Juvenile literature.
600 11 - SUBJECT ADDED ENTRY--PERSONAL NAME
Personal name King, Martin Luther,
Titles and other words associated with a name Jr.,
Dates associated with a name 1929-1968.
611 20 - SUBJECT ADDED ENTRY--MEETING NAME
Meeting name or jurisdiction name as entry element March on Washington for Jobs and Freedom
Date of meeting or treaty signing (1963 :
Location of meeting Washington, D.C.)
Form subdivision Juvenile literature.
611 21 - SUBJECT ADDED ENTRY--MEETING NAME
Meeting name or jurisdiction name as entry element March on Washington for Jobs and Freedom
Date of meeting or treaty signing (1963 :
Location of meeting Washington, D.C.)
650 #0 - SUBJECT ADDED ENTRY--TOPICAL TERM
Topical term or geographic name entry element African Americans
General subdivision Civil rights
-- History
Chronological subdivision 20th century
Form subdivision Juvenile literature.
650 #0 - SUBJECT ADDED ENTRY--TOPICAL TERM
Topical term or geographic name entry element Civil rights movements
Geographic subdivision United States
General subdivision History
Chronological subdivision 20th century
Form subdivision Juvenile literature.
650 #1 - SUBJECT ADDED ENTRY--TOPICAL TERM
Topical term or geographic name entry element African Americans
General subdivision Civil rights.
650 #1 - SUBJECT ADDED ENTRY--TOPICAL TERM
Topical term or geographic name entry element Civil rights demonstrations.
700 1# - ADDED ENTRY--PERSONAL NAME
Personal name Marchesi, Stephen,
Relator term illustrator
906 ## - LOCAL DATA ELEMENT F, LDF (RLIN)
a 7
b cbc
c orignew
d 1
e ocip
f 20
g y-gencatlg
942 ## - ADDED ENTRY ELEMENTS (KOHA)
Source of classification or shelving scheme Dewey Decimal Classification
Koha item type Books
Suppress in OPAC No
Holdings
Withdrawn status Lost status Source of classification or shelving scheme Damaged status Not for loan Collection Home library Current library Shelving location Date acquired Total Checkouts Full call number Barcode Date last seen Date last checked out Price effective from Koha item type Copy number
    Dewey Decimal Classification     Non-Fiction Footprints International School Library Network Toul Kork Campus Footprints International School Library Network Toul Kork Campus TK Primary Library Room(4th Floor), Bookcase 3&4, Shelves 17-32, Yellow Books 01/16/2025 1 RUF 323.092 E185.K5 FISTK00810 12/19/2025 08/29/2025 01/16/2025 Books  
    Dewey Decimal Classification     Non-Fiction Footprints International School Library Network Toul Kork Campus Footprints International School Library Network Toul Kork Campus TK Primary Library Room(4th Floor), Bookcase 3&4, Shelves 17-32, Yellow Books 01/27/2025 1 RUF 323.092 E185.K5 FISTK01314 12/19/2025 08/29/2025 01/27/2025 Books 2